[Event "Riga Tech Open A 2015"]
[Site "Riga LAT"]
[Date "2015.08.14"]
[Round "7.11"]
[White "Miezis, Normunds"]
[Black "Aryan, Chopra"]
[Result "0-1"]
[WhiteTitle "GM"]
[WhiteElo "2511"]
[BlackElo "2402"]
[WhiteFideId "11600136"]
[BlackFideId "5084423"]
[EventDate "2015.08.10"]

1. c4 c6 2. Nf3 d5 3. e3 Nf6 4. b3 e6 5. Bb2 Nbd7 6. cxd5 exd5 7. Nd4 c5 8. Nf3
a6 9. d4 b6 10. Nbd2 Bb7 11. Be2 Be7 12. O-O O-O 13. Rc1 Rc8 14. Bd3 Re8 15. Ne5
Nxe5 16. dxe5 Ne4 17. Nb1 Bf8 18. f3 Ng5 19. Nd2 b5 20. f4 Ne4 21. f5 c4 22. Bb1
c3 23. Nxe4 cxb2 24. Rxc8 Bxc8 25. Nf2 Rxe5 26. Qd4 Qd6 27. Rd1 Bxf5 28. Bxf5
Rxf5 29. Qxb2 Qe6 30. Qd4 h5 31. Nd3 Bd6 32. Nf4 Bxf4 33. exf4 Qe2 34. Qd3 Qxd3
35. Rxd3 Kf8 36. g3 Ke7 37. Kf2 Kd6 38. b4 Rf6 39. Ra3 d4 40. Rxa6+ Kd5 41. Ra7
g5 42. a4 bxa4 43. Ke2 gxf4 44. Rxa4 f3+ 45. Kd3 f2 46. Ra5+ Ke6 47. Ra6+ Ke7
48. Rxf6 Kxf6 49. Ke2 Ke5 50. Kxf2 Kd5 51. h4 f5 52. Ke2 0-1

[Event "Riga Tech Open A 2015"]
[Site "Riga LAT"]
[Date "2015.08.14"]
[Round "7.12"]
[White "Petrov, Nikita"]
[Black "Fridman, Daniel"]
[Result "1-0"]
[WhiteTitle "IM"]
[BlackTitle "GM"]
[WhiteElo "2446"]
[BlackElo "2639"]
[WhiteFideId "4101286"]
[BlackFideId "11600454"]
[EventDate "2015.08.10"]

1. Nf3 c5 2. g3 Nc6 3. c4 g6 4. Bg2 Bg7 5. Nc3 Nh6 6. h4 d6 7. h5 Bg4 8. d3 Qd7
9. Nd5 O-O-O 10. Rb1 gxh5 11. b4 e6 12. Bxh6 Bxh6 13. Nf6 Qc7 14. bxc5 Bg7 15.
Nxg4 hxg4 16. cxd6 Rxd6 17. Nd2 Rd7 18. Kf1 f5 19. Qa4 Rf7 20. e3 h5 21. Nb3 Qb6
22. Ke2 h4 23. Nd2 Qc7 24. gxh4 Bf6 25. Rxb7 Qxb7 26. Bxc6 Qc7 27. Rb1 Rhh7 28.
c5 Be5 29. Nc4 Bh2 30. Rb7 Qd8 31. Nb6+ Qxb6 32. cxb6 Rxb7 33. Bxb7+ 1-0

[Event "Riga Tech Open A 2015"]
[Site "Riga LAT"]
[Date "2015.08.14"]
[Round "7.13"]
[White "Oleksiyenko, Mykhaylo"]
[Black "Lapshun, Yury"]
[Result "1-0"]
[WhiteTitle "GM"]
[BlackTitle "IM"]
[WhiteElo "2638"]
[BlackElo "2439"]
[WhiteFideId "4152417"]
[BlackFideId "2006960"]
[EventDate "2015.08.10"]

1. e4 d6 2. d4 Nf6 3. Nc3 Nbd7 4. Nf3 e5 5. Bc4 Be7 6. O-O O-O 7. Re1 c6 8. a4
Qc7 9. Bg5 Re8 10. a5 Nf8 11. d5 Ng6 12. h3 h6 13. Be3 Bd7 14. Nd2 c5 15. Bb5
Nh7 16. Bxd7 Qxd7 17. Qg4 Red8 18. Qxd7 Rxd7 19. Nc4 Rb8 20. Reb1 Nf6 21. b4 Ne8
22. bxc5 dxc5 23. Na4 Rc7 24. Rb5 f5 25. f3 fxe4 26. fxe4 Nd6 27. Nxd6 Bxd6 28.
Bxc5 Bxc5+ 29. Nxc5 Rbc8 30. d6 Rc6 31. Nxb7 Nf8 32. Rxe5 Rxc2 33. Rf1 Rd2 34.
Rd5 Rcc2 35. Rxd2 Rxd2 36. Rf5 Nd7 37. Rd5 Rxd5 38. exd5 Kf7 39. Nd8+ Kf6 40.
Nc6 a6 41. Kf2 h5 42. Ke3 Kf5 43. Kd4 h4 44. Nb4 Kf4 45. Nxa6 Kg3 46. Nc5 1-0

[Event "Riga Tech Open A 2015"]
[Site "Riga LAT"]
[Date "2015.08.14"]
[Round "7.14"]
[White "Givon, Asaf"]
[Black "Naroditsky, Daniel"]
[Result "0-1"]
[WhiteTitle "IM"]
[BlackTitle "GM"]
[WhiteElo "2440"]
[BlackElo "2631"]
[WhiteFideId "2801841"]
[BlackFideId "2026961"]
[EventDate "2015.08.10"]

1. e4 e5 2. Nf3 Nc6 3. Bb5 a6 4. Ba4 Nf6 5. O-O Be7 6. Re1 b5 7. Bb3 O-O 8. d4
Nxd4 9. Nxd4 exd4 10. e5 Ne8 11. c3 c5 12. cxd4 c4 13. Bc2 d5 14. Nd2 f5 15.
exf6 Nxf6 16. h3 Bd6 17. Nf3 Ne4 18. Bxe4 dxe4 19. Ne5 Bb7 20. Be3 Bd5 21. Qd2
Qe7 22. Rec1 Qe6 23. Bf4 Bb7 24. Bg3 Rad8 25. Qe3 Bb8 26. Rd1 Qb6 27. Ng4 Ba7
28. Be5 Qg6 29. Qe2 Bc8 30. Kh2 Bxg4 31. hxg4 Rd5 32. f4 Qh6+ 33. Kg3 g5 34.
fxg5 Qxg5 35. Rf1 Rxf1 36. Rxf1 Bxd4 37. Bxd4 Rxd4 38. Rf8+ Kg7 39. Rf5 Qd2 40.
Qf1 Qd3+ 0-1

[Event "Riga Tech Open A 2015"]
[Site "Riga LAT"]
[Date "2015.08.14"]
[Round "7.15"]
[White "Neiksans, Arturs"]
[Black "Iovcov, Valerii"]
[Result "1/2-1/2"]
[WhiteTitle "GM"]
[BlackTitle "FM"]
[WhiteElo "2596"]
[BlackElo "2423"]
[WhiteFideId "11601388"]
[BlackFideId "13903837"]
[EventDate "2015.08.10"]

1. c4 Nf6 2. Nf3 e6 3. g3 d5 4. Bg2 Be7 5. O-O O-O 6. d4 dxc4 7. Qc2 a6 8. Qxc4
b5 9. Qc2 Bb7 10. Bd2 Be4 11. Qc1 Bb7 12. Bf4 Nd5 13. Rd1 Nxf4 14. gxf4 Bd6 15.
Nc3 Qe7 16. Qe3 Nd7 17. Ne5 Bxg2 18. Nxd7 Qxd7 19. Kxg2 f5 20. Qf3 Rab8 21. e3
Rf6 22. Ne2 Rh6 23. Rac1 g5 24. fxg5 Rxh2+ 25. Kf1 Qe7 26. Nf4 Qxg5 27. Nxe6 Qg4
28. Ke2 Bg3 29. Qxg4+ fxg4 30. Rg1 Rxf2+ 31. Kd3 Bh2 32. Rxg4+ Kf7 33. Ng5+ Ke7
34. Nxh7 Rb6 35. e4 Bf4 36. Rc2 Rf3+ 37. Ke2 Re3+ 38. Kf2 Rh3 39. Rc5 Be3+ 40.
Kg2 Rbh6 41. Rg7+ Kd6 42. Ng5 Rh2+ 43. Kf3 Bxg5 44. Rgxg5 R6h3+ 45. Kf4 Rh4+ 46.
Kg3 R4h3+ 47. Kf4 Rh4+ 48. Rg4 Rxg4+ 49. Kxg4 Rxb2 50. a4 bxa4 51. Ra5 Rb4 52.
Rxa6+ c6 53. Kf5 Rxd4 54. Ra7 Kc5 55. e5 Kb4 56. e6 Rd1 57. Rd7 Rf1+ 58. Ke5
Re1+ 59. Kd6 a3 60. Rb7+ Kc3 61. Ra7 Kb2 62. Rb7+ Kc2 63. Ra7 Kb2 64. Rb7+ 1/2-1/2

[Event "Riga Tech Open A 2015"]
[Site "Riga LAT"]
[Date "2015.08.15"]
[Round "8.1"]
[White "Hovhannisyan, Robert"]
[Black "Baron, Tal"]
[Result "1-0"]
[WhiteTitle "GM"]
[BlackTitle "GM"]
[WhiteElo "2612"]
[BlackElo "2524"]
[WhiteFideId "13302507"]
[BlackFideId "2809958"]
[EventDate "2015.08.10"]

1. e4 e5 2. Nf3 Nc6 3. Nc3 Nf6 4. d4 exd4 5. Nxd4 Bc5 6. Be3 Bb6 7. Nf5 O-O 8.
Bxb6 axb6 9. Ne3 d6 10. Be2 Re8 11. f3 Be6 12. O-O Ra5 13. a3 d5 14. b4 Ra8 15.
exd5 Bd7 16. dxc6 Rxe3 17. Qd2 1-0

[Event "Riga Tech Open A 2015"]
[Site "Riga LAT"]
[Date "2015.08.15"]
[Round "8.3"]
[White "Aryan, Chopra"]
[Black "Socko, Bartosz"]
[Result "1/2-1/2"]
[BlackTitle "GM"]
[WhiteElo "2402"]
[BlackElo "2622"]
[WhiteFideId "5084423"]
[BlackFideId "1107038"]
[EventDate "2015.08.10"]

1. e4 c6 2. d4 d5 3. Nd2 dxe4 4. Nxe4 Bf5 5. Ng3 Bg6 6. h4 h6 7. Nf3 Nd7 8. h5
Bh7 9. Bd3 Bxd3 10. Qxd3 e6 11. Bd2 Ngf6 12. O-O-O Be7 13. Kb1 Qb6 14. Rhe1 O-O
15. Nf5 exf5 16. Rxe7 Qd8 17. Re2 Ne4 18. Bf4 Ndf6 19. Ne5 Re8 20. g4 fxg4 21.
f3 gxf3 22. Qxf3 Qd5 23. c4 Ng5 24. Qb3 Qe6 25. Bxg5 hxg5 26. Qxb7 Rad8 27. a3
c5 28. Rde1 Rxd4 29. Qxa7 g4 30. Ka1 Rc8 31. Qb7 Rf8 32. Qc7 Qd6 33. Qxd6 Rxd6
34. Re3 Rb8 35. Rg1 Rd2 36. Nxg4 Nxg4 37. Rxg4 Rbxb2 38. Reg3 Kf8 39. Rxg7 Ra2+
40. Kb1 Rdb2+ 41. Kc1 Rh2 42. Kb1 Rab2+ 43. Ka1 Rbe2 44. Rg1 Ra2+ 45. Kb1 Rxa3
46. R7g5 Rb3+ 47. Ka1 Ra3+ 48. Kb1 Rb3+ 49. Ka1 Ra3+ 1/2-1/2

[Event "Riga Tech Open A 2015"]
[Site "Riga LAT"]
[Date "2015.08.15"]
[Round "8.4"]
[White "Oleksiyenko, Mykhaylo"]
[Black "Schroeder, Jan-Christian"]
[Result "1/2-1/2"]
[WhiteTitle "GM"]
[BlackTitle "IM"]
[WhiteElo "2638"]
[BlackElo "2473"]
[WhiteFideId "4152417"]
[BlackFideId "24662259"]
[EventDate "2015.08.10"]

1. e4 e5 2. Nf3 Nc6 3. Bb5 a6 4. Bxc6 dxc6 5. O-O Bd6 6. d4 exd4 7. Qxd4 f6 8.
Be3 Ne7 9. Nbd2 Be6 10. Qc3 Qd7 11. Nc4 Bxc4 12. Qxc4 Ng6 13. Rad1 O-O-O 14. Nd4
Ne5 15. Qe2 g6 16. h3 Rhe8 17. Rfe1 Qf7 18. f4 Nc4 19. b3 Nxe3 20. Qxe3 Bc5 21.
c3 Bb6 22. Kh1 c5 23. Nf3 Rxd1 24. Rxd1 c4 25. Qd2 cxb3 26. axb3 Kb8 27. Qc2 Be3
28. f5 Qe7 29. fxg6 hxg6 30. e5 f5 31. Re1 Bf4 32. Qf2 Qd8 33. g3 Bh6 34. Qd4
Qxd4 35. cxd4 c6 36. Kg2 Kc7 37. g4 Kd7 38. g5 Bf8 39. Kg3 Bb4 40. Rd1 Ke6 41.
Nh4 Kf7 42. Ng2 Rd8 43. Nf4 Bc3 44. Ne2 Ba5 45. h4 Bc7 46. Rc1 Bb6 47. Rc4 Ba7
48. Kf3 Rd7 49. Ke3 Rd5 50. Kd3 Rd8 51. Kc3 Bb8 52. Nf4 Rh8 53. Ng2 Rd8 54. Kc2
Ba7 1/2-1/2

[Event "Riga Tech Open A 2015"]
[Site "Riga LAT"]
[Date "2015.08.15"]
[Round "8.5"]
[White "Melkumyan, Hrant"]
[Black "Usmanov, Vasily"]
[Result "1-0"]
[WhiteTitle "GM"]
[BlackTitle "IM"]
[WhiteElo "2633"]
[BlackElo "2452"]
[WhiteFideId "13302485"]
[BlackFideId "4135741"]
[EventDate "2015.08.10"]

1. Nf3 Nf6 2. c4 e6 3. g3 a6 4. Bg2 b5 5. O-O Bb7 6. d4 bxc4 7. Qa4 Bd5 8. Nbd2
Nc6 9. Nxc4 Qb8 10. Ne3 Be4 11. Nd1 Qb4 12. Qxb4 Nxb4 13. Nc3 Bc6 14. Bg5 Rb8
15. Bxf6 Bxf3 16. Bxf3 gxf6 17. a3 Nc6 18. Bxc6 dxc6 19. Na4 a5 20. Rfc1 Kd7 21.
Rc3 Ra8 22. Rac1 Ra6 23. e4 Bd6 24. e5 Bf8 25. exf6 Rg8 26. Rb3 Ra8 27. Rbc3 Ra6
28. Rd1 Rg5 29. Kg2 Rd5 30. Rdd3 Ra8 31. h4 Bd6 32. Rb3 Rf5 33. Rf3 Rb5 34. Rbd3
Rg8 35. Kh3 h5 36. Rd2 Rg4 37. Rc3 Rd5 38. f4 Rg6 39. Rc4 e5 40. fxe5 Bxe5 41.
Nc5+ Kc8 42. dxe5 Rxd2 43. Rf4 Kd8 44. Ne6+ Ke8 45. Ng7+ Kf8 46. e6 fxe6 47.
Nxe6+ Kf7 48. Ng5+ Kf8 49. f7 Rh6 50. Re4 Rd8 51. Re6 Rh8 52. Rxc6 1-0

[Event "Riga Tech Open A 2015"]
[Site "Riga LAT"]
[Date "2015.08.15"]
[Round "8.6"]
[White "Naroditsky, Daniel"]
[Black "Wan, Yunguo"]
[Result "1/2-1/2"]
[WhiteTitle "GM"]
[BlackTitle "IM"]
[WhiteElo "2631"]
[BlackElo "2472"]
[WhiteFideId "2026961"]
[BlackFideId "8603189"]
[EventDate "2015.08.10"]

1. e4 e5 2. Nf3 Nc6 3. Bb5 a6 4. Ba4 Nf6 5. O-O b5 6. Bb3 Bc5 7. Nc3 O-O 8. d3
h6 9. Nd5 Re8 10. c3 Bf8 11. Nxf6+ Qxf6 12. Bd5 Bb7 13. d4 d6 14. a4 Rab8 15.
axb5 axb5 16. Qb3 Nxd4 17. cxd4 c6 18. dxe5 dxe5 19. Bc4 bxc4 20. Qxc4 Bc8 21.
Qc2 Bg4 22. Ne1 Red8 23. f3 Be6 24. Nd3 Bb3 25. Qc3 Rb5 26. Be3 Qd6 27. Nc5 Rxc5
28. Qxb3 Rb5 29. Qc3 Qd3 30. Bf2 Qxc3 31. bxc3 Rb3 32. Rfc1 Rd3 33. c4 Ba3 34.
Rc2 Rbc3 35. Rxc3 Rxc3 36. h4 h5 37. c5 Bxc5 38. Bxc5 Rxc5 39. Ra7 g6 40. Rc7
Kg7 41. Kh2 Kf6 42. Kg3 Ke6 43. Kh2 Rc3 44. Kg1 Rc4 45. Kf2 f5 46. Ke3 Rc2 47.
Kd3 Rxg2 48. Rxc6+ Kd7 49. Ra6 Rg3 50. Ke3 f4+ 51. Kf2 g5 52. Ra7+ Kd6 53. Ra6+
Kd7 54. Ra7+ Kc6 55. hxg5 Rxg5 56. Ra6+ Kd7 57. Ra7+ Kd6 58. Ra6+ Ke7 59. Ra7+
Kf6 60. Ra6+ Kg7 61. Ra7+ Kg6 62. Ra6+ Kh7 63. Ra7+ Kh6 64. Ra6+ Rg6 65. Rxg6+
Kxg6 66. Kg2 Kf6 67. Kh3 1/2-1/2

[Event "Riga Tech Open A 2015"]
[Site "Riga LAT"]
[Date "2015.08.15"]
[Round "8.7"]
[White "Swiercz, Dariusz"]
[Black "Petrov, Nikita"]
[Result "1-0"]
[WhiteTitle "GM"]
[BlackTitle "IM"]
[WhiteElo "2617"]
[BlackElo "2446"]
[WhiteFideId "1126881"]
[BlackFideId "4101286"]
[EventDate "2015.08.10"]

1. d4 Nf6 2. Nf3 d5 3. c4 c6 4. Nc3 dxc4 5. a4 Bf5 6. Ne5 Nbd7 7. Nxc4 Nb6 8.
Ne5 a5 9. h4 Nfd5 10. g4 Be6 11. e4 Nb4 12. d5 Bc8 13. Be3 Nd7 14. Nc4 e5 15. d6
g6 16. g5 h5 17. Bh3 Ra6 18. f4 exf4 19. Bd4 Rh7 20. O-O Bg7 21. Bxg7 Rxg7 22.
Rxf4 Rh7 23. Qf3 Kf8 24. e5 Kg8 25. e6 fxe6 26. Bxe6+ 1-0

[Event "Riga Tech Open A 2015"]
[Site "Riga LAT"]
[Date "2015.08.15"]
[Round "8.8"]
[White "Jumabayev, Rinat"]
[Black "Prasanna, Raghuram Rao"]
[Result "1-0"]
[WhiteTitle "GM"]
[BlackTitle "IM"]
[WhiteElo "2600"]
[BlackElo "2424"]
[WhiteFideId "13702661"]
[BlackFideId "5022401"]
[EventDate "2015.08.10"]

1. d4 d5 2. c4 e6 3. Nc3 Nf6 4. cxd5 exd5 5. Bg5 Bb4 6. e3 Nbd7 7. Bd3 c5 8. Ne2
Qa5 9. O-O cxd4 10. exd4 O-O 11. Qc2 a6 12. Ng3 h6 13. Bf4 Nb6 14. Be5 Ne8 15.
Nh5 Bxc3 16. bxc3 Qa4 17. Qe2 Qc6 18. Qf3 g6 19. Nf4 Ng7 20. Rab1 f5 21. h4 Rf7
22. Qg3 Kh7 23. Nxg6 Nh5 24. Qg4 fxg4 25. Ne7+ Bf5 26. Bxf5+ Rxf5 27. Nxc6 bxc6
28. Rxb6 Nf6 29. Rxc6 Ne4 30. Rc7+ 1-0

[Event "Riga Tech Open A 2015"]
[Site "Riga LAT"]
[Date "2015.08.15"]
[Round "8.9"]
[White "Krupenski, Juri"]
[Black "Kulaots, Kaido"]
[Result "1/2-1/2"]
[WhiteTitle "FM"]
[BlackTitle "GM"]
[WhiteElo "2356"]
[BlackElo "2573"]
[WhiteFideId "4501101"]
[BlackFideId "4500261"]
[EventDate "2015.08.10"]

1. c4 g6 2. g3 Bg7 3. Bg2 e5 4. Nc3 d6 5. d3 Nc6 6. e4 Be6 7. Nge2 Nh6 8. Nd5
O-O 9. h4 f6 10. Bd2 Ne7 11. Ba5 b6 12. Bc3 c6 13. Nxe7+ Qxe7 14. Qa4 Rac8 15.
d4 Kh8 16. h5 g5 17. d5 cxd5 18. cxd5 Bf7 19. g4 Nxg4 20. Bh3 Nh6 21. Bxc8 Rxc8
22. Qa6 Qd7 23. a4 f5 24. Qb5 Qe7 25. a5 fxe4 26. axb6 axb6 27. Ng3 Qf6 28. Qxb6
Bxd5 29. O-O-O Bc6 30. Qa6 Rc7 31. Qb6 Rc8 32. Qa6 Rc7 33. Qb6 Rc8 34. Kb1 1/2-1/2

[Event "Riga Tech Open A 2015"]
[Site "Riga LAT"]
[Date "2015.08.15"]
[Round "8.10"]
[White "Kovalev, Vladislav"]
[Black "Lugovskoy, Maxim"]
[Result "1/2-1/2"]
[WhiteTitle "GM"]
[BlackTitle "IM"]
[WhiteElo "2540"]
[BlackElo "2431"]
[WhiteFideId "13504398"]
[BlackFideId "24126454"]
[EventDate "2015.08.10"]

1. e4 e6 2. d4 d5 3. Nc3 Bb4 4. e5 c5 5. a3 Bxc3+ 6. bxc3 Ne7 7. Nf3 b6 8. Bb5+
Bd7 9. a4 Bxb5 10. axb5 Qd7 11. Rb1 a6 12. bxa6 Qc7 13. O-O Rxa6 14. Ng5 h6 15.
Nh3 Ng6 16. f4 Ne7 17. Be3 cxd4 18. cxd4 O-O 19. g4 Rc8 20. f5 Qxc2 21. Qxc2
Rxc2 22. fxe6 fxe6 23. Nf4 Rc6 24. Bd2 Rc2 25. Be1 Nd7 26. Nxe6 Ra4 27. Bg3 Rc6
28. Nd8 Rc8 29. e6 Nf6 30. Nf7 Ne4 31. Nd6 Rc6 32. Nxe4 dxe4 33. d5 Nxd5 34.
Rbd1 Ra5 35. Be1 Rac5 36. Bb4 Nxb4 37. e7 Re5 38. Rd8+ Kh7 39. e8=Q Rxe8 40.
Rxe8 Rc4 41. Rf4 Rc1+ 42. Rf1 Rc4 43. Rf4 Rc1+ 44. Rf1 Rc4 1/2-1/2

[Event "Riga Tech Open A 2015"]
[Site "Riga LAT"]
[Date "2015.08.15"]
[Round "8.11"]
[White "Krivonosov, Oleg"]
[Black "Chigaev, Maksim"]
[Result "1/2-1/2"]
[WhiteTitle "IM"]
[BlackTitle "IM"]
[WhiteElo "2462"]
[BlackElo "2519"]
[WhiteFideId "11600349"]
[BlackFideId "4108116"]
[EventDate "2015.08.10"]

1. Nf3 Nf6 2. c4 g6 3. Nc3 Bg7 4. e4 O-O 5. d4 d6 6. Be2 Nbd7 7. O-O e5 8. Re1
c6 9. Bf1 exd4 10. Nxd4 Re8 11. Bf4 Nc5 12. Qc2 Ng4 13. Qd2 Be5 14. Bg3 Qf6 15.
Rad1 Bxg3 16. hxg3 Nd3 17. Bxd3 Qxd4 18. Rf1 Qc5 19. Be2 1/2-1/2

[Event "Riga Tech Open A 2015"]
[Site "Riga LAT"]
[Date "2015.08.15"]
[Round "8.12"]
[White "Ziska, Helgi Dam"]
[Black "Janik, Igor"]
[Result "1-0"]
[WhiteTitle "IM"]
[WhiteElo "2515"]
[BlackElo "2293"]
[WhiteFideId "7200595"]
[BlackFideId "1159259"]
[EventDate "2015.08.10"]

1. e4 c5 2. Nf3 e6 3. g3 Nc6 4. Bg2 d5 5. exd5 exd5 6. d4 Bg4 7. O-O Nxd4 8.
Qe1+ Ne6 9. Ne5 Bf5 10. c4 Ne7 11. cxd5 Nxd5 12. Nc3 Nxc3 13. Bxb7 Nd5 14. Bc6+
Ke7 15. Bd2 f6 16. Rd1 Qd6 17. Bxa8 fxe5 18. Bc3 Nd4 19. Bxd4 cxd4 20. Rxd4 Be6
21. Rd1 Kf7 22. Rd3 Qc5 23. Bxd5 Bxd5 24. Qxe5 Bxa2 25. Rd7+ Kg6 26. Rxg7+ 1-0

[Event "Riga Tech Open A 2015"]
[Site "Riga LAT"]
[Date "2015.08.15"]
[Round "8.13"]
[White "Neiksans, Arturs"]
[Black "Korchmar, Vasiliy"]
[Result "1-0"]
[WhiteTitle "GM"]
[BlackTitle "IM"]
[WhiteElo "2596"]
[BlackElo "2400"]
[WhiteFideId "11601388"]
[BlackFideId "24131750"]
[EventDate "2015.08.10"]

1. Nf3 Nf6 2. c4 c6 3. Nc3 d5 4. e3 a6 5. d4 e6 6. a4 c5 7. Be2 Be7 8. O-O O-O
9. b3 b6 10. Ba3 Nc6 11. cxd5 exd5 12. Ne5 Bb7 13. Nxc6 Bxc6 14. a5 cxd4 15.
Qxd4 bxa5 16. Bxe7 Qxe7 17. Rxa5 Rfb8 18. Rc5 Rb6 19. Na4 Bxa4 20. bxa4 Qe6 21.
Rfc1 Rd6 22. Bf1 Rad8 23. a5 h6 24. Rc7 Ng4 25. Rb7 Ne5 26. Rcc7 Nc6 27. Qc5 Ne5
28. h3 Qf6 29. Rb6 Nc4 30. Rb4 Qa1 31. Rbb7 Nd2 32. Qc1 Qxc1 33. Rxc1 Nxf1 34.
Kxf1 d4 35. exd4 Rxd4 36. Ra7 Rd1+ 37. Rxd1 Rxd1+ 38. Ke2 Rd6 39. f4 h5 40. g4
hxg4 41. hxg4 g6 42. Ke3 Kg7 43. g5 Kf8 44. Ke4 f6 45. Rb7 fxg5 46. fxg5 Ke8 47.
Ke5 Rc6 48. Kd5 Rc2 49. Rb6 Kf7 50. Rf6+ Kg7 51. Rxa6 Rg2 52. Ra7+ Kf8 53. a6
Rxg5+ 54. Kc6 Ra5 55. Kb6 Ra1 56. Rc7 Rb1+ 57. Kc6 Rc1+ 58. Kd6 Rd1+ 59. Ke6
Re1+ 60. Kf6 Rf1+ 61. Kxg6 Rg1+ 62. Kf5 Rf1+ 63. Ke5 Re1+ 64. Kd5 Rd1+ 65. Ke4
Re1+ 66. Kd3 Rd1+ 1-0

[Event "Riga Tech Open A 2015"]
[Site "Riga LAT"]
[Date "2015.08.15"]
[Round "8.14"]
[White "Romanov, Evgeny"]
[Black "Gavrilov, Alexei1"]
[Result "1/2-1/2"]
[WhiteTitle "GM"]
[BlackTitle "GM"]
[WhiteElo "2586"]
[BlackElo "2439"]
[WhiteFideId "4148843"]
[BlackFideId "4104358"]
[EventDate "2015.08.10"]

1. c4 c6 2. e4 d5 3. cxd5 cxd5 4. exd5 Nf6 5. Qa4+ Bd7 6. Qb3 Na6 7. Nc3 Qb6 8.
Qd1 Nb4 9. Bc4 e6 10. dxe6 Bxe6 11. Bb5+ Bd7 12. Bxd7+ Nxd7 13. d4 Qxd4 14. Qe2+
Be7 15. Nf3 Qd3 16. Qxd3 Nxd3+ 17. Ke2 Nxc1+ 18. Raxc1 O-O 19. Rhd1 Nb6 20. Nb5
Rfc8 21. b3 Rxc1 22. Rxc1 a6 23. Nbd4 Nd5 24. a4 g6 25. g3 Rd8 26. Rc4 Bf6 27.
Kf1 Kg7 28. Nc2 Rd6 29. Rc5 h5 30. h4 Ne7 31. b4 Rd3 32. Ng5 b6 33. Rc7 Rc3 34.
Rxc3 Bxc3 35. Ne4 Be5 36. Ke2 f5 37. Nd2 f4 38. Nc4 Bc7 39. gxf4 Nd5 40. Kf3
Nxf4 41. N2e3 b5 42. axb5 axb5 43. Na3 Nd3 44. Nxb5 Bd8 45. Nd4 Bxh4 46. b5 Kf7
47. b6 Nc5 48. Nc4 Bf6 49. Nb5 Ke6 50. Ncd6 Kd7 51. b7 Na6 52. Ne4 Be5 53. Ke3
Kc6 54. f4 Bxf4+ 1/2-1/2

[Event "Riga Tech Open A 2015"]
[Site "Riga LAT"]
[Date "2015.08.15"]
[Round "8.15"]
[White "Dragun, Kamil"]
[Black "Leenhouts, Koen"]
[Result "1-0"]
[WhiteTitle "GM"]
[BlackTitle "IM"]
[WhiteElo "2572"]
[BlackElo "2422"]
[WhiteFideId "1134167"]
[BlackFideId "1008439"]
[EventDate "2015.08.10"]

1. d4 Nf6 2. c4 g6 3. Nc3 d5 4. Bf4 Bg7 5. e3 O-O 6. Rc1 c6 7. Nf3 a6 8. Qb3
dxc4 9. Bxc4 b5 10. Be2 Nbd7 11. O-O Nh5 12. Be5 Nxe5 13. Nxe5 c5 14. Nc6 Qe8
15. Nd5 c4 16. Ncxe7+ Kh8 17. Qa3 Bb7 18. Nc7 Qd7 19. Nxa8 Rxa8 20. d5 Re8 21.
d6 Nf6 22. b3 Ne4 23. bxc4 Nxd6 24. Rfd1 Be5 25. c5 Qxe7 26. cxd6 Qh4 27. h3
Bh2+ 28. Kxh2 Qxf2 29. Bf1 Rxe3 30. Qxe3 1-0

[Event "Riga Tech Open A 2015"]
[Site "Riga LAT"]
[Date "2015.08.16"]
[Round "9.1"]
[White "Hovhannisyan, Robert"]
[Black "Melkumyan, Hrant"]
[Result "1/2-1/2"]
[WhiteTitle "GM"]
[BlackTitle "GM"]
[WhiteElo "2612"]
[BlackElo "2633"]
[WhiteFideId "13302507"]
[BlackFideId "13302485"]
[EventDate "2015.08.10"]

1. e4 e5 2. Nf3 Nc6 3. Bc4 Bc5 4. c3 Nf6 5. d4 exd4 6. cxd4 Bb4+ 7. Bd2 d5 8.
exd5 Bxd2+ 9. Nbxd2 Nxd5 10. Qb3 Nce7 11. O-O O-O 12. Rfe1 c6 13. Ne4 Nb6 14.
Nc5 Nxc4 15. Qxc4 Nd5 16. Ne5 f6 17. Ned3 Qd6 18. Ne4 Qd8 19. Nec5 Qd6 20. Ne4
Qd8 1/2-1/2

[Event "Riga Tech Open A 2015"]
[Site "Riga LAT"]
[Date "2015.08.16"]
[Round "9.4"]
[White "Socko, Bartosz"]
[Black "Jumabayev, Rinat"]
[Result "0-1"]
[WhiteTitle "GM"]
[BlackTitle "GM"]
[WhiteElo "2622"]
[BlackElo "2600"]
[WhiteFideId "1107038"]
[BlackFideId "13702661"]
[EventDate "2015.08.10"]

1. d4 Nf6 2. c4 g6 3. Nc3 d5 4. Bf4 Bg7 5. e3 O-O 6. Rc1 Be6 7. cxd5 Nxd5 8.
Nxd5 Qxd5 9. b3 Nd7 10. Nf3 c5 11. Bc4 Qe4 12. Bxe6 Qxe6 13. O-O Rac8 14. Qd3
cxd4 15. Nxd4 Qd5 16. Qb5 Nb6 17. Bg5 Bxd4 18. Qxd5 Nxd5 19. exd4 f6 20. Bd2 Kf7
21. Rc5 Rcd8 22. Rfc1 Rd7 23. Kf1 g5 24. Ke2 Rfd8 25. Kf3 h5 26. h3 Kg6 27. g4
Rh8 28. Ke4 e6 29. Rc8 Rhd8 30. a4 Ne7 31. Rxd8 Rxd8 32. Rc7 f5+ 33. Kf3 hxg4+
34. hxg4 fxg4+ 35. Kg2 Nf5 36. Rxb7 Rxd4 37. Be3 Rd1 38. Kh2 Nh4 39. f4 Nf5 40.
Bxa7 gxf4 41. Rb8 Nh4 42. Bf2 Rd2 43. Kg1 g3 44. Bxg3 fxg3 45. Rg8+ Kf5 46. Rxg3
Kf4 47. Rh3 Kg4 48. Re3 Nf3+ 49. Kf1 Kg3 0-1

[Event "Riga Tech Open A 2015"]
[Site "Riga LAT"]
[Date "2015.08.16"]
[Round "9.5"]
[White "Schroeder, Jan-Christian"]
[Black "Swiercz, Dariusz"]
[Result "1/2-1/2"]
[WhiteTitle "IM"]
[BlackTitle "GM"]
[WhiteElo "2473"]
[BlackElo "2617"]
[WhiteFideId "24662259"]
[BlackFideId "1126881"]
[EventDate "2015.08.10"]

1. e4 e5 2. Nf3 Nc6 3. Bb5 Nf6 4. O-O Nxe4 5. d4 Nd6 6. dxe5 Nxb5 7. a4 Nbd4 8.
Nxd4 d5 9. exd6 Bxd6 10. Re1+ Be7 11. Nxc6 Qxd1 12. Rxd1 bxc6 13. Bf4 Bf5 14.
Nd2 O-O-O 15. c3 Rhe8 16. Re1 Be6 17. Nf3 Bd5 18. Nd4 Bf6 19. h3 a6 20. a5 c5
21. Nf5 g6 22. Ne3 Be6 23. Ng4 Be7 24. Re2 Kb7 25. Rae1 h5 26. Ne5 g5 27. Bc1
Bf6 28. f4 g4 29. hxg4 hxg4 30. f5 Bxe5 1/2-1/2

[Event "Riga Tech Open A 2015"]
[Site "Riga LAT"]
[Date "2015.08.16"]
[Round "9.6"]
[White "Naroditsky, Daniel"]
[Black "Aryan, Chopra"]
[Result "1/2-1/2"]
[WhiteTitle "GM"]
[WhiteElo "2631"]
[BlackElo "2402"]
[WhiteFideId "2026961"]
[BlackFideId "5084423"]
[EventDate "2015.08.10"]

1. d4 d5 2. c4 c6 3. Nf3 Nf6 4. Nc3 e6 5. Bg5 h6 6. Bh4 dxc4 7. e4 g5 8. Bg3 b5
9. h4 g4 10. Ne5 Bb7 11. Be2 Nbd7 12. Nxg4 b4 13. Nxf6+ Nxf6 14. Na4 Nxe4 15.
Be5 Rg8 16. Bxc4 Qa5 17. O-O O-O-O 18. Qb3 Bd6 19. Bxd6 Rxd6 20. Rad1 c5 21. f3
Bc6 22. Qe3 Qxa4 23. Bb3 Qb5 24. fxe4 cxd4 25. Qf3 f5 26. Bc2 Qb7 27. Qf4 Rd7
28. Rc1 Qb5 29. Bb3 Rg4 30. Qxh6 Kb7 31. Rf2 d3 32. Bxe6 Bxe4 33. Bxd7 Qxd7 34.
Rc4 Qe7 35. h5 a5 36. Qh8 Qd7 37. Qe5 d2 38. Rxd2 Rxg2+ 39. Rxg2 Qd1+ 40. Kh2
Qxh5+ 41. Kg1 Qd1+ 1/2-1/2